Modern Philippines / (Record no. 84296)

MARC details
000 -LEADER
fixed length control field 02462cam a2200421 i 4500
001 - CONTROL NUMBER
control field GVRL50SC
003 - CONTROL NUMBER IDENTIFIER
control field MiFhGG
005 - DATE AND TIME OF LATEST TRANSACTION
control field 20250820004434.0
006 - FIXED-LENGTH DATA ELEMENTS--ADDITIONAL MATERIAL CHARACTERISTICS
fixed length control field m o d
007 - PHYSICAL DESCRIPTION FIXED FIELD--GENERAL INFORMATION
fixed length control field cr un ---uuuua
008 - FIXED-LENGTH DATA ELEMENTS--GENERAL INFORMATION
fixed length control field 220216t20222022cauab obe 001 0 eng d
020 ## - INTERNATIONAL STANDARD BOOK NUMBER
International Standard Book Number 9781440860058
Qualifying information (electronic book)
020 ## - INTERNATIONAL STANDARD BOOK NUMBER
Canceled/invalid ISBN 9781440860041
Qualifying information (hardcover)
035 ## - SYSTEM CONTROL NUMBER
System control number (OCoLC)1298714540
040 ## - CATALOGING SOURCE
Original cataloging agency MiFhGG
Language of cataloging eng
Transcribing agency MiFhGG
Description conventions rda
-- pn
050 #4 - LIBRARY OF CONGRESS CALL NUMBER
Classification number DS654
Item number .A25 2022
100 1# - MAIN ENTRY--PERSONAL NAME
Personal name Abinales, Patricio N.,
Relator term author.
245 10 - TITLE STATEMENT
Title Modern Philippines /
Statement of responsibility, etc. Patricio N. Abinales.
264 #1 - PRODUCTION, PUBLICATION, DISTRIBUTION, MANUFACTURE, AND COPYRIGHT NOTICE
Place of production, publication, distribution, manufacture Santa Barbara, California :
Name of producer, publisher, distributor, manufacturer ABC-CLIO, an imprint of ABC-CLIO, LLC,
Date of production, publication, distribution, manufacture, or copyright notice [2022]
264 #4 - PRODUCTION, PUBLICATION, DISTRIBUTION, MANUFACTURE, AND COPYRIGHT NOTICE
Date of production, publication, distribution, manufacture, or copyright notice ©2022
300 ## - PHYSICAL DESCRIPTION
Extent 1 online resource (xviii, 401 pages) :
Other physical details illustrations (chiefly color), map.
336 ## - CONTENT TYPE
Content type term text
Content type code txt
Source rdacontent
337 ## - MEDIA TYPE
Media type term computer
Media type code c
Source rdamedia
338 ## - CARRIER TYPE
Carrier type term online resource
Carrier type code cr
Source rdacarrier
490 1# - SERIES STATEMENT
Series statement Understanding modern nations
490 0# - SERIES STATEMENT
Series statement Gale eBooks
504 ## - BIBLIOGRAPHY, ETC. NOTE
Bibliography, etc. note Includes bibliographical references and index.
505 0# - FORMATTED CONTENTS NOTE
Formatted contents note ch. 1. Geography -- ch. 2. History -- ch. 3. Government and politics -- ch. 4. Economy -- ch. 5. Religions -- ch. 6. Social class and ethnicity -- ch. 7. Gender, marriage, and sexuality -- ch. 8. Education -- ch. 9. Languages -- ch. 10. Etiquette -- ch. 11. Literature and drama -- ch. 12. Art and architecture -- ch. 13. Music and dance -- ch. 14. Food -- ch. 15. Leisure and sports -- ch. 16. Media and popular culture.
520 ## - SUMMARY, ETC.
Summary, etc. This encyclopedia examines contemporary and historical Philippines, with thematic entries such as Geography, History, Government and Politics, Religion and Thought, Food, Etiquette, Media, and more. Chapters contain an overview of the topic and alphabetized entries. Includes a historical timeline from prehistoric times to the present. Appendices offer profiles of a typical day in the life of members of Filipino society, glossary, key facts and figures, and a holiday chart.
588 ## - SOURCE OF DESCRIPTION NOTE
Source of description note Description based on print version record.
651 #0 - SUBJECT ADDED ENTRY--GEOGRAPHIC NAME
Geographic name Philippines
Form subdivision Encyclopedias.
710 2# - ADDED ENTRY--CORPORATE NAME
Corporate name or jurisdiction name as entry element Gale (Firm)
776 08 - ADDITIONAL PHYSICAL FORM ENTRY
Relationship information Print version:
Title Modern Philippines.
Place, publisher, and date of publication Santa Barbara, California : ABC-CLIO, an imprint of ABC-CLIO, LLC, [2022]
International Standard Book Number 9781440860041
Record control number (DLC) 2022008079
830 #0 - SERIES ADDED ENTRY--UNIFORM TITLE
Uniform title Understanding modern nations.
856 40 - ELECTRONIC LOCATION AND ACCESS
Uniform Resource Identifier <a href="https://link.gale.com/apps/pub/50SC/GVRL?sid=gale_marc&u=phurs">https://link.gale.com/apps/pub/50SC/GVRL?sid=gale_marc&u=phurs</a>
Public note Available via Gale eBooks. Click here to access
912 ## -
-- 50SC
942 ## - ADDED ENTRY ELEMENTS (KOHA)
Source of classification or shelving scheme Library of Congress Classification
Koha item type E-Book
Holdings
Withdrawn status Source of classification or shelving scheme Damaged status Not for loan Home library Current library Date acquired Total Checkouts Date last seen Price effective from Koha item type
  Library of Congress Classification     E-Books Gale E-Books Gale 08/19/2025   08/19/2025 08/19/2025 E-Book

University of Rizal System
Email us at univlibservices@urs.edu.ph

Visit our Website www.urs.edu.ph/library